| 000 | 00368 a2200169 4500 | ||
|---|---|---|---|
| 001 | 49030 | ||
| 020 | _a978-85-08-15795-2 | ||
| 040 | _cAnchieta - Bela Vista | ||
| 100 | _aMachado, Ana Maria | ||
| 240 | 1 | 0 |
_aJeca, o tatu _lpor |
| 245 | 1 | 0 | _aJeca, o tatu |
| 300 | _a24 | ||
| 362 | 0 | _a2012 | |
| 440 | 1 | _aÁtica | |
| 650 | 4 | _aLiteratura infanto-juvenil | |
| 942 | _cBK | ||
| 999 |
_c49030 _d49030 |
||